| 000 | 00604nam a22001817a 4500 | ||
|---|---|---|---|
| 005 | 20251108164952.0 | ||
| 008 | 250721s2008 xx 000 0 ara d | ||
| 082 | 1 | 4 | _aم/816/جمه |
| 100 | 1 |
_aعطوان، حسين _eجامع |
|
| 245 | 1 | 0 | _aجمهرة الرسائل الأموية رسائل فكرية و أدبية و إخوانية و توقيعات / |
| 264 | 1 |
_aعمان : _bمؤسسة الرسالة، _c2008. |
|
| 300 | _a3ج. | ||
| 650 | 1 | 7 | _aالرساال الادبيه |
| 650 | 1 | 7 | _aالعصر الاموي |
| 650 | 1 | 7 | _aالادب العربي |
| 942 |
_2ddc _cREF |
||
| 999 |
_c18658 _d18658 |
||